000 00631nam a22001697a 4500
005 20111110110125.0
008 111110t xxu||||| |||| 00| 0 eng d
080 _a65.012.5
_bSIN
100 _aSinclair, Amanda
_917941
245 _aLeadership for the disillusioned
_bmoving beyond myths and heroes to leading that liberates
300 _axxiv, 216p.
653 _aLeadership
_aTransformational leadership
_aSpirituality-leadership
942 _cBK
260 _aAustralia
_bAllen & Unwin
_c2007
_917942
020 _a978174175100
952 _p00059135
_40
_00
_bUL
_10
_o65.012.5 SIN
_d2011-11-10
_70
_cGEN
_2udc
_yBK
_aUL
999 _c73614
_d73613